Truth and fallacy in educational theory
Gorde:
| Egile nagusia: | |
|---|---|
| Formatua: | Liburua |
| Hizkuntza: | ingelesa |
| Argitaratua: |
Cambridge University Press
2014
|
| Etiketak: |
Etiketa erantsi
Etiketarik gabe, Izan zaitez lehena erregistro honi etiketa jartzen!
|
MARC
| LEADER | 00000nam a22000007a 4500 | ||
|---|---|---|---|
| 008 | 210811b ||||| |||| 00| 0 eng d | ||
| 020 | |a 9781107647848 | ||
| 100 | |a HARDIE, Charles D. | ||
| 245 | |a Truth and fallacy in educational theory |c Charles D. Hardie |g x, 150p. | ||
| 260 | |b Cambridge University Press |c 2014 |h Cambridge |i 696858 |i 696859 |l LB1025.H22 |m Education | ||
| 500 | |a It includes index | ||
| 942 | |a lcc |c BK |e Kuteyi M. A. |f 11/8/2021 | ||
| 952 | |0 0 |1 0 |2 lcc |4 0 |6 LB1025 H22 |7 0 |9 2968 |a HOL |b HOL |c AF |d 2021-08-11 |l 0 |o LB1025.H22 |p 2021-66644 |r 2021-08-11 00:00:00 |w 2021-08-11 |y BK | ||
| 952 | |0 0 |1 0 |2 lcc |4 0 |6 LB1025 H22 |7 0 |9 2969 |a HOL |b ED |c AF |d 2021-08-11 |l 0 |o LB1025.H22 |p 2021-66645 |r 2021-08-11 00:00:00 |w 2021-08-11 |y BK | ||
| 999 | |c 1503 |d 1503 | ||